[Event "European Blitz-ch 2018"]
[Site "Skopje"]
[Date "2018.12.06"]
[Round "6"]
[White "Stojanovski, Dejan"]
[Black "Guseinov, Gadir"]
[Result "1/2-1/2"]
[WhiteElo "2430"]
[BlackElo "2664"]
[Annotator "TA"]
[PlyCount "175"]
[EventDate "2018.12.06"]
[EventType "swiss"]
[EventCountry "MKD"]

{[%evp 15,175,17,42,21,23,20,27,20,30,25,52,36,39,-35,17,24,16,1,3,8,0,7,8,-3,-6,-6,-4,0,0,0,3,-15,0,0,-2,0,0,0,0,-6,0,0,0,0,0,0,0,0,0,0,0,-9,2,-2,0,-2,-2,-43,-8,-12,0,-43,0,0,0,0,0,-36,-36,-222,-204,-233,-226,-180,-140,-129,-54,-61,-63,-77,-77,-83,-84,-100,-18,-20,0,0,0,0,0,0,0,0,0,0,0,0,0,0,0,0,0,0,0,0,0,0,0,0,0,0,0,0,0,0,0,0,0,0,0,0,0,0,0,0,0,0,0,0,0,0,0,0,0,0,0,0,0,0,0,0,0,0,0,0,0,0,0,0,0,0,0,0,0,0,0,0,0,0,0,0]} 1. d4 Nf6 2. Nf3 g6 3. Nbd2 Bg7 4. e4 d6 5. Bc4 O-O 6. O-O Nc6 7. c3 e5 {B07: Pirc Defence: Miscellaneous Systems} 8. dxe5 dxe5 {LiveBook: 10 Games} 9. Qe2 Nh5 10. Nb3 h6 (10... Nf4 11. Bxf4 exf4 12. Rad1 Qe7 13. Nbd4 Na5 14. Rfe1 Bg4 {0-1 (44) Grandelius,N (2643)-Mamedov,R (2688) Tallinn 2016}) 11. Be3 Qf6 12. h3 Nd8 $146 ({Predecessor:} 12... Nf4 13. Bxf4 Qxf4 14. Nc5 Qf6 15. Rfd1 {½-½ (41) Delander,A (2018)-Pape,M (2115) Bad Wildungen 2004}) 13. Rfd1 Ne6 14. Bxe6 ({White should play} 14. g3 $14) 14... Bxe6 (14... Qxe6 $15 15. Nc5 Qc6) 15. Nc5 $11 b6 16. Nd7 Bxd7 $1 17. Rxd7 Qc6 18. Rd5 Rae8 19. Rad1 Nf6 20. Rxe5 Nxe4 21. Rxe8 Rxe8 22. Qd3 Nd6 23. Bd4 Qc4 (23... Bxd4 {with more complications.} 24. Nxd4 Qa4 25. Ra1 h5 26. b3 Qa3) 24. Bxg7 Qxd3 25. Rxd3 Kxg7 {[%mdl 4096] Endgame KRN-KRN} 26. Kf1 Kf6 27. b3 a5 28. Nd4 a4 29. bxa4 Ra8 30. Nb5 Nxb5 31. axb5 {KR-KR} Ke6 32. Ke2 Rxa2+ 33. Ke3 f5 34. g3 g5 35. c4 Rc2 36. Rd4 Ke5 {Hoping for ...Re2+!} 37. Rd5+ Ke6 38. Rd4 Rc1 39. h4 Rc2 40. hxg5 hxg5 41. Kf3 Rc3+ 42. Ke2 $2 {[#]} ({White must play} 42. Kg2 $15) 42... Ke5 $1 $19 {[%cal Re5d4]} 43. Rd5+ Ke4 44. g4 Rc2+ ({Don't take} 44... fxg4 45. Rxg5 Kf4 46. Rg7 $17) ({Inferior is} 44... Rxc4 45. Rxf5 Rc2+ 46. Kf1 $11) 45. Kf1 {[#]} fxg4 (45... Kf3 $1 $17 {( -> ...Rc1+)} 46. Rxf5+ Kxg4) 46. Rxg5 $15 Kf4 47. Rg7 Rxc4 48. Rf7+ Ke5 49. Kg2 c6 (49... Kd6 $17 50. Rh7 Rc5 51. Rh6+ Kd5) 50. bxc6 $11 {The position is equal.} Rxc6 51. Rg7 Rc4 52. Rg5+ Kf4 53. Rb5 Rc6 (53... Ke4 {feels hotter.} 54. Rxb6 Kf5 55. Kg3 Rc3+ 56. Kh2 Kf4) 54. Rb4+ Kg5 55. Kg3 Rc3+ 56. Kg2 Rc6 57. Kg3 Kf5 58. Rf4+ Ke5 59. Rxg4 Kd5 60. Kf3 b5 61. Ke3 Rf6 62. Kd3 Rxf2 63. Kc3 Kc5 64. Rg5+ Kb6 65. Kb4 Rf4+ 66. Kb3 Ka5 67. Rg3 Rb4+ 68. Ka3 Rb1 69. Ka2 Rc1 70. Kb3 Re1 71. Rf3 Rg1 72. Re3 Rg4 73. Rf3 Rh4 74. Rg3 Rb4+ 75. Ka3 Rd4 76. Kb3 Rd5 77. Rf3 Rg5 78. Re3 Kb6 79. Kb4 Rg4+ 80. Kb3 Rh4 81. Rf3 Rh5 82. Re3 Kc5 83. Rc3+ Kd4 84. Rg3 Rh1 85. Kb4 Rb1+ 86. Rb3 Rxb3+ 87. Kxb3 b4 88. Kxb4 {Accuracy: White = 71%, Black = 59%.} 1/2-1/2

[Event "European Blitz-ch 2018"]
[Site "Skopje"]
[Date "2018.12.06"]
[Round "6"]
[White "Tejedor Fuente, Enrique"]
[Black "Pershin, Denis"]
[Result "1/2-1/2"]
[WhiteElo "2428"]
[BlackElo "2400"]
[Annotator "TA"]
[PlyCount "325"]
[EventDate "2018.12.06"]
[EventType "swiss"]
[EventCountry "MKD"]

{[%evp 12,325,36,-5,50,59,60,36,47,26,29,16,63,66,72,52,50,36,85,48,95,108,89,83,97,17,40,37,45,0,15,0,62,0,45,-17,-12,-12,-24,-94,-70,-92,-13,-31,0,-7,164,64,186,114,225,207,347,247,391,236,306,306,564,16,28,0,0,0,0,0,0,-191,0,-23,-24,-103,-93,-102,0,0,0,0,0,0,0,0,0,0,0,0,0,0,0,0,0,0,0,0,0,0,0,0,0,0,0,0,0,0,0,0,0,0,0,0,0,0,0,0,0,0,0,0,0,0,0,0,0,0,0,0,0,0,0,0,0,0,0,0,0,0,0,0,0,0,0,0,0,0,0,0,0,0,0,0,0,0,0,0,0,0,0,0,0,0,0,0,0,0,0,0,0,0,0,0,0,0,0,0,0,0,0,0,0,0,0,0,0,0,0,0,0,0,0,0,0,0,0,0,0,0,0,0,0,0,0,0,0,0,0,0,0,0,0,0,0,0,0,0,0,0,0,0,0,0,0,0,0,0,0,0,0,0,0,0,0,0,0,0,0,0,0,0,0,0,0,0,0,0,0,0,0,0,0,0,0,0,0,0,0,0,0,0,0,-8,0,0,0,-8,0,0,0,0,0,0,0,-8,0,0,0,-8,0,-8,-8,-8,0,-8,-8,-8,-8,-8,-8,-8,-8,-8,-8,-8,-8,-8,0,-8,-8,-8,0,0,0,0,0,0,0,0,0,0,0,0,0,0,0,0,0,0]} 1. e4 c6 2. Nc3 d5 3. Nf3 Bg4 4. h3 Bxf3 5. Qxf3 Nf6 6. d3 e6 7. g4 {LiveBook: 33 Games} Bc5 {B11: Caro-Kann: Two Knights Variation} (7... Bb4 $11) (7... Bb4 8. a3 Qa5 9. Bd2 d4 10. Nb1 Na6 11. c3 dxc3 12. Nxc3 Bc5 13. Bg2 Qd8 14. Ne2 Nc7 15. g5 {0-1 (50) Lu,S (2627)-Melkumyan,H (2633) Doha 2016}) 8. Bd2 Bd4 $146 ({Predecessor:} 8... Na6 9. a3 Bd4 10. O-O-O Qb6 11. g5 Nd7 12. h4 Bxc3 13. Bxc3 d4 14. Bd2 Nac5 15. Bh3 {0-1 (63) Bentivegna,F (2299)-Kachiani Gersinska,K (2357) Acqui Terme 2012}) 9. Bg2 Qb6 {White is slightly better.} 10. Nd1 Nbd7 11. Qe2 O-O-O 12. c3 $36 {[%mdl 2048] White has the initiative.} Bc5 13. e5 Ne8 14. a4 f6 15. b4 Be7 16. exf6 Bxf6 17. a5 (17. Qxe6 $6 Nc7 $11) 17... Qc7 18. Ne3 (18. Qxe6 Nd6 $11) (18. O-O $16) 18... Nd6 19. Rc1 Kb8 20. c4 {[%cal Rc4d5]} (20. a6 $5) 20... dxc4 21. dxc4 h5 (21... Ne5 $11) 22. a6 (22. O-O $1 $14) 22... hxg4 23. hxg4 (23. Nxg4 $14 bxa6 24. O-O) 23... Rxh1+ $11 24. Bxh1 Nf7 25. Nf1 (25. Rd1 $11) 25... Nde5 $17 {Strongly threatening ...Nd3+.} 26. Rc3 Ng6 (26... bxa6 27. g5 $1 $14 {[%mdl 512]}) (26... Qb6 $17 27. g5 Be7) 27. Rd3 $11 Rh8 28. Be4 Nfe5 $2 (28... Nf4 $11 29. Bxf4 Qxf4) 29. Rc3 ({White should play} 29. Rb3 $18) 29... Nh4 (29... Rf8 $1 $14) 30. g5 (30. axb7 $18 {b5 is the strong threat.} Nf7 31. Rh3 (31. Ra3 Nd6 $16)) 30... Be7 {[#]} (30... Bd8 $16 31. axb7 Nf5) 31. c5 $1 $18 bxa6 (31... Rf8 $142 32. axb7 Neg6) 32. Qxa6 Rf8 (32... Rd8 $142 33. Rh3 Nhg6) 33. Qe2 Qd7 {intending ...Qd4.} 34. f4 Neg6 $2 {[#]} (34... Bxg5 {was worth a try.} 35. fxe5 Rxf1+ 36. Kxf1 Qxd2) 35. Rd3 $2 ({White must play} 35. b5 $1 $18 {[%mdl 512]} Qc7 (35... cxb5 36. c6) 36. bxc6) 35... Qc7 $11 36. Bxg6 Nxg6 37. Qxe6 Nxf4 38. Bxf4 Qxf4 {[%mdl 64] Double Attack} ({But not} 38... Rxf4 39. Nd2 $14 (39. Rd7 Re4+ 40. Qxe4 Qxd7 $11)) 39. Ne3 $2 (39. Nd2 $1 $11 {and White is okay.} Qxg5 40. Rd7 Qg1+ 41. Ke2 Rf2+ 42. Kd3 Rxd2+ 43. Kxd2 Bg5+ 44. Kc2 Qc1+ 45. Kb3 Qb1+ 46. Kc3 Qa1+ 47. Kb3 Qb1+ 48. Kc3 Qa1+ 49. Kb3 Qb1+) 39... Qg3+ $2 (39... Bxg5 40. Kd1 $17) (39... Qxb4+ $19 40. Ke2 Qb2+ 41. Kd1 Qa1+ 42. Kc2 Rf2+ 43. Rd2 Rxd2+ 44. Kxd2 Qd4+ 45. Kc2 Bxg5) 40. Kd1 Bxg5 {And now ...Qg1+ would win.} 41. Qd6+ (41. Kc2 $1 $11) 41... Qxd6 $17 42. cxd6 Bxe3 (42... Rf3 $17 43. d7 Bd8) 43. Rxe3 {[%mdl 4096] Endgame KR-KR. The position is equal.} Rd8 44. Re6 Kb7 45. Re7+ Kb6 46. Rxg7 Rxd6+ 47. Kc2 Rd5 48. Kc3 Rh5 49. Rg3 Rf5 50. Kb3 Rd5 51. Rc3 Rb5 {White should prevent ...a5.} 52. Ka4 Rd5 53. Rh3 Rd4 {White must now prevent ...a5.} 54. Kb3 Rd1 55. Kc2 Rd4 56. Kc3 Rf4 57. Rg3 Rf5 58. Kc4 Rd5 59. Rg8 Rd7 60. Rb8+ Rb7 61. Rh8 Rf7 62. Rb8+ Kc7 63. Ra8 Kb7 (63... Kb6 {feels hotter.} 64. Rb8+) 64. Rh8 Rf4+ 65. Kc5 Rf5+ 66. Kc4 Kb6 67. Rb8+ Kc7 68. Ra8 Kb7 69. Rg8 Rf7 70. Rh8 Rg7 71. Rf8 Kc7 72. Ra8 Kd6 (72... Rg3 {keeps more tension.} 73. Rxa7+ Kd6 74. Ra5 Rg4+ 75. Kb3 Rg3+) 73. Rd8+ Rd7 74. Rh8 (74. Rf8 {seems wilder.} Kc7 75. Kc3 Rg7 76. Rf3 Kb6 77. Kb3) 74... Kc7 75. Rh6 Rf7 76. Rh4 Kb6 77. Rh8 Kc7 78. Rh4 Rf1 79. Rh8 Rc1+ 80. Kb3 Rb1+ 81. Kc4 Kb7 82. Rg8 a6 83. Rh8 Kc7 84. Ra8 Rc1+ 85. Kb3 Ra1 86. Rh8 Kb7 87. Kb2 Rd1 88. Kc2 Rg1 89. Kc3 Rg4 90. Kb3 Kb6 91. Rb8+ Kc7 92. Rh8 (92. Re8 {keeps more tension.} Rg3+ 93. Ka4 Kb7 94. Re6 Rg1 95. Re8) 92... Rg1 93. Rf8 Kb7 94. Rh8 Ka7 95. Re8 Rb1+ 96. Kc4 Ra1 97. Rh8 Kb7 98. Rg8 Ra3 99. Rh8 Rf3 100. Rg8 Kc7 101. Rh8 Rf7 102. Rg8 Kb6 103. Rb8+ Rb7 104. Rh8 Re7 105. Rb8+ Kc7 106. Rh8 Re1 107. Rg8 Rc1+ 108. Kb3 Kb7 109. Rh8 Rb1+ 110. Kc3 Kb6 111. Rb8+ Kc7 112. Rg8 Ra1 113. Kb2 Rf1 114. Kc3 Rf4 115. Rh8 Rf5 116. Rg8 a5 117. bxa5 Rxa5 118. Rg7+ Kb6 119. Rg8 Rf5 120. Rg3 Ra5 121. Kb3 (121. Kb2 {is interesting.} Rb5+ 122. Kc2 Rc5+ 123. Kb2 Rb5+) 121... Rb5+ 122. Kc2 Rb4 123. Rh3 Kb5 124. Rg3 Rc4+ 125. Kb3 Rc5 126. Rg8 Rc1 127. Rb8+ Kc5 128. Kb2 Rc4 {aiming for ...Rb4+.} 129. Rd8 Rd4 (129... Rb4+ {keeps more tension.} 130. Kc3 Rc4+ 131. Kb2) 130. Rc8 Rd3 131. Kc2 Rh3 132. Rc7 Kd5 133. Rc8 c5 134. Rd8+ Kc4 135. Rd2 Ra3 136. Kb2 Rb3+ (136... Ra4 {with more complications.} 137. Rc2+ Kb5 138. Rc3 Rb4+ 139. Kc2 Rc4) 137. Kc2 Rc3+ 138. Kb2 Rd3 139. Rh2 Kb4 140. Kc2 Ra3 (140... Rc3+ {seems wilder.} 141. Kb1 Rb3+ 142. Kc2 Rc3+) 141. Kb2 (141. Rh4+ {feels hotter.} Kb5 142. Kb2 Rg3 143. Kc2 Rf3 144. Rg4) 141... Rb3+ 142. Kc2 Rc3+ 143. Kb2 Rf3 144. Rh4+ c4 145. Rh2 Ra3 146. Rh4 Rb3+ 147. Kc2 Rf3 148. Rh2 Ra3 149. Rh4 Ra2+ 150. Kb1 $1 {[%cal Rb1a2]} Rd2 ({Resist} 150... Ra3 151. Rh2 $17) 151. Rh3 Rd3 152. Rh2 Kc3 {( -> ...Rd1+)} 153. Kc1 Rf3 {[%cal Rf3f1]} 154. Rc2+ Kd4 (154... Kb4 {looks sharper.} 155. Rb2+ Kc5 156. Rh2 Rg3 157. Kc2 Kb4) 155. Rd2+ Rd3 156. Kc2 Ke3 157. Rh2 Ke4 158. Rh8 (158. Rh4+ {is more complex.} Kd5 159. Rh7 Rb3 160. Rh5+ Kd4 161. Rh4+) 158... Rd5 159. Kc3 Rc5 160. Rd8 Ke5 161. Rd4 Rc6 162. Rxc4 Rxc4+ 163. Kxc4 {Accuracy: White = 66%, Black = 48%.} 1/2-1/2

[Event "European Blitz-ch 2018"]
[Site "Skopje"]
[Date "2018.12.06"]
[Round "6"]
[White "Radovanovic, Nikola"]
[Black "Djukic, Nikola"]
[Result "1-0"]
[WhiteElo "2418"]
[BlackElo "2574"]
[Annotator "TA"]
[PlyCount "41"]
[EventDate "2018.12.06"]
[EventType "swiss"]
[EventCountry "MKD"]

{[%evp 22,41,60,57,65,54,82,78,97,91,289,281,510,526,479,369,382,359,379,376,473,472]} 1. d4 Nf6 2. c4 g6 3. Nc3 d5 4. cxd5 Nxd5 5. e4 Nxc3 6. bxc3 Bg7 7. Nf3 {[%cal Bg1f3,Bf3d2,Bd2b3][%mdl 32]} c5 8. Be3 Qa5 9. Nd2 {D85: Exchange Grünfeld: Unusual White 7th moves and lines with 7 Nf3} cxd4 (9... Bd7 10. Rb1 Ba4 11. Qxa4+ Qxa4 12. Bb5+ Qxb5 13. Rxb5 b6 14. dxc5 Nd7 15. Ke2 Bxc3 16. Nb3 O-O {½-½ (28) Navara,D (2741)-Vachier Lagrave,M (2779) Biel 2018}) 10. cxd4 O-O 11. Be2 Nc6 12. O-O $1 {LiveBook: 3 Games} Bd7 $146 ({But not} 12... Nxd4 $6 13. Bxd4 Rd8 14. Nc4 $16) ({Not} 12... Bxd4 $2 13. Nb3 $18) ({Predecessor:} 12... Rd8 13. d5 Ne5 14. Bd4 e6 15. Nb3 Qb4 16. a3 Qa4 17. f4 Nc6 18. Bxg7 Kxg7 {½-½ (41) Di Berardino,D (2511)-Garcia Cardenas,P (2431) Arica 2017}) 13. Nb3 Qd8 14. Rc1 Na5 15. d5 f5 $2 (15... Ba4 $16) 16. d6 $18 exd6 $2 (16... Nc6 {was called for.} 17. Nc5 exd6) 17. Qd5+ {[%mdl 64] [#] Double Attack} Kh8 18. Qxa5 fxe4 19. Qxd8 Rfxd8 20. Rc7 b6 21. Bg5 1-0

[Event "European Blitz-ch 2018"]
[Site "Skopje"]
[Date "2018.12.06"]
[Round "6"]
[White "Jacimovic, Dragoljub"]
[Black "Salgado Lopez, Ivan"]
[Result "0-1"]
[WhiteElo "2398"]
[BlackElo "2629"]
[Annotator "TA"]
[PlyCount "68"]
[EventDate "2018.12.06"]
[EventType "swiss"]
[EventCountry "MKD"]

{[%evp 18,68,0,-3,17,0,0,0,0,0,0,-21,-14,-28,-22,-54,-66,-65,-48,-73,-36,-55,0,-87,-90,-84,-86,-293,-105,-194,-192,-189,-192,-196,-184,-179,-170,-226,-224,-321,-288,-291,-301,-332,-342,-366,-369,-526,-526,-582,-575,-593,-339]} 1. d4 Nf6 2. c4 g6 3. Nc3 d5 4. cxd5 Nxd5 5. Qb3 Nxc3 6. bxc3 Bg7 7. Ba3 O-O 8. e3 b6 9. Nf3 c5 10. Be2 {LiveBook: 13 Games. D90: Grünfeld: 4 Nf3 Bg7 sidelines} Be6 (10... Qc7 11. O-O Nd7 12. Rad1 e6 13. Rfe1 Bb7 14. c4 Rad8 15. d5 exd5 16. cxd5 Nf6 17. Bc4 a6 18. e4 b5 19. Bf1 c4 20. Qc2 {½-½ (27) Santarius,E (2343)-Roiz,M (2614) Santa Clara 2014}) 11. Qb1 $146 ({Predecessor:} 11. Qa4 Re8 12. O-O cxd4 13. cxd4 Bd7 14. Qc2 Nc6 15. Ba6 Rb8 16. Rfd1 b5 17. Bc5 Qa5 {1-0 (33) Vidic,B (1983)-Matjasic,M (1643) Slovenia 2017}) 11... Nc6 12. O-O {The position is equal.} Na5 13. Rd1 Qc7 14. e4 Bc4 15. Qc2 Rac8 16. d5 Bxe2 17. Qxe2 Bxc3 18. Rac1 Bg7 $1 19. e5 Rcd8 (19... Qd7 $15) 20. Qe4 {[#]} (20. Bb4 $11 {keeps the balance.}) 20... Qb7 $1 $17 21. Rb1 Qa6 {And now ...Qc4 would win.} 22. Qh4 $2 (22. Rbc1 $17) 22... f6 $2 (22... Qc4 $19 {is more deadly. White must now prevent ...Qxh4.} 23. Qxe7 Rxd5 24. Rxd5 Qxd5) 23. Bc1 (23. Bb2 $17) 23... Qc4 $19 24. Qh3 {[#]} f5 $1 $40 {[%cal Bf6f5,Bf5g4][%mdl 160] White is in trouble.} (24... Qxa2 25. Qe6+ Kh8 26. Bb2 $17) 25. d6 exd6 ({Stronger than} 25... Qxa2 26. Bg5 $11) 26. Bg5 Rd7 ({Worse is} 26... Qxa2 27. Ra1 $11) 27. exd6 (27. Rxd6 $142 Qxa2 28. Re1 Rxd6 29. exd6) 27... Qg4 28. Be7 (28. Qxg4 {was necessary.} fxg4 29. Nd2) 28... Re8 29. Qxg4 fxg4 30. Ng5 Nc6 31. Ne6 Nxe7 32. Nc7 (32. dxe7 {is a better defense.} Rexe7 33. Nxg7 Kxg7 34. Kf1) 32... Rf8 {Black is clearly winning.} 33. dxe7 Rxe7 ({Less strong is} 33... Rxc7 34. exf8=N Kxf8 35. Kf1 $15) 34. Nd5 Ref7 {Accuracy: White = 31%, Black = 66%.} 0-1

[Event "European Blitz-ch 2018"]
[Site "Skopje"]
[Date "2018.12.06"]
[Round "6"]
[White "Timmermans, Mark"]
[Black "Erdos, Viktor"]
[Result "1/2-1/2"]
[WhiteElo "2375"]
[BlackElo "2605"]
[Annotator "TA"]
[PlyCount "82"]
[EventDate "2018.12.06"]
[EventType "swiss"]
[EventCountry "MKD"]

{[%evp 16,82,0,0,0,0,0,-17,-24,-225,-187,-203,-62,-93,-85,-89,-106,-91,-102,-129,-20,-25,-16,-18,0,-29,-22,-62,-41,-67,-54,-68,-65,-68,-43,-50,-12,-117,-119,-117,-35,-32,-28,-15,0,0,0,0,0,0,0,0,99,-215,-196,-185,-213,-210,-197,-181,0,-89,-86,-83,-86,-90,-3,-6,3]} 1. b4 e5 2. Bb2 Bxb4 3. Bxe5 Nf6 4. c4 O-O 5. e3 d5 6. Nf3 Re8 7. Bb2 Nc6 8. cxd5 {A00: Irregular Openings} Nxd5 9. Be2 {LiveBook: 16 Games} Qd6 (9... Bg4 10. O-O Qe7 11. a3 Bd6 12. h3 Bh5 13. Qb3 Nb6 14. d3 Ne5 15. Bxe5 Bxe5 16. d4 Bd6 17. Nc3 c6 18. a4 Rab8 19. a5 Nd7 {½-½ (42) Degterev,P (2545)-Andriuschenko,N (2491) ICCF email 2007}) 10. O-O Qg6 11. Kh1 Bg4 12. Nh4 $2 (12. h3 $11 Be6 13. d4) 12... Bxe2 $19 13. Qxe2 Qe4 (13... Qc2 $19 14. Ba3 Nd4 $1 {[%mdl 512]}) 14. Nf3 {[#]} Nf4 $146 {[%mdl 512]} 15. Qb5 (15. exf4 Qxe2) 15... Nd3 16. Nc3 Qg6 {aiming for ...a6.} 17. Rab1 Nxb2 (17... a6 $17 18. Qg5 Qxg5 19. Nxg5 Rad8) 18. Rxb2 $11 Bxc3 19. dxc3 b6 {[%cal Bb7b6,Bb6b5][%mdl 32]} 20. Nd4 Ne5 21. a4 c6 22. Qb3 Rad8 23. a5 b5 24. a6 Nd3 25. Ra2 h6 26. c4 (26. Qb1 $11 {remains equal.}) 26... b4 $40 {[%mdl 128] Black has strong attack.} 27. c5 Nxc5 (27... Rb8 $17 28. Nxc6 Qxc6 29. Qxd3 Qxc5) 28. Qxb4 $15 Ne4 {And now ...c5 would win.} 29. Qb7 c5 30. Nc6 Rd2 31. Rxd2 Nxd2 32. Re1 {Hoping for Ne7+.} Ne4 33. Kg1 {Strongly threatening Ne7+.} Nd2 (33... Ng5 $11 34. Kh1 Ne4) 34. Qd7 $2 {[%mdl 8192]} (34. Nxa7 $16 {keeps the pressure on. Nb5 is the strong threat.} Re4 35. Rd1) 34... Nf3+ $1 $19 35. Kf1 Nxh2+ 36. Kg1 Nf3+ $1 {[%mdl 64] Double Attack} 37. Kf1 {[#]} Nh2+ (37... Re6 $1 $19 {has better winning chances.} 38. gxf3 Rxc6) 38. Kg1 $17 {[#]} Re6 $1 {White must now prevent ...Nf3+.} 39. Kxh2 Rxc6 40. Qxa7 Rxa6 (40... Qd6+ $17 41. Kg1 Rxa6) 41. Qxc5 $11 Qd6+ {Accuracy: White = 46%, Black = 37%.} 1/2-1/2

[Event "European Blitz-ch 2018"]
[Site "Skopje"]
[Date "2018.12.06"]
[Round "6"]
[White "Galopoulos, Nikolaos"]
[Black "Ivanisevic, Ivan"]
[Result "1-0"]
[WhiteElo "2356"]
[BlackElo "2603"]
[Annotator "TA"]
[PlyCount "101"]
[EventDate "2018.12.06"]
[EventType "swiss"]
[EventCountry "MKD"]

{[%evp 23,101,8,10,4,5,8,17,0,0,0,91,91,109,68,94,92,142,153,145,25,25,25,23,22,23,27,88,93,108,106,151,76,163,163,228,153,166,167,278,275,405,263,500,497,491,476,954,947,914,894,978,942,2519,2283,29969,1104,29983,1589,29987,29988,29990,1558,29990,29990,29991,29986,29988,29989,29991,29992,29992,29991,29993,29990,29990,29990,29991,29992,29997,29998]} 1. d4 Nf6 2. Nf3 e6 3. c4 c5 4. e3 d5 5. Nc3 a6 6. a3 dxc4 7. Bxc4 b5 8. Be2 {D40: Queen's Gambit Declined: Semi-Tarrasch with 5 e3} Bb7 9. O-O Nbd7 {[%cal Bb8d7,Bd7c5,Bc5b3,Bb3c1][%mdl 32]} 10. dxc5 Nxc5 11. b4 Qxd1 12. Rxd1 Nb3 {LiveBook: 5 Games} 13. Rb1 Nxc1 14. Rbxc1 {aiming for Nxb5!} Be7 15. a4 $146 ({Predecessor:} 15. Nd4 Rc8 16. Nb3 {½-½ (59) Izsak,G (2443)-Laznicka,V (2676) Germany 2016}) 15... Bxb4 16. axb5 a5 (16... axb5 $11 {remains equal.} 17. Ne5 O-O) 17. Na4 $16 O-O 18. Nd4 g6 19. Nc6 Kg7 20. Nb6 Rae8 21. Rb1 (21. Rc4 $16) 21... Bxc6 $1 $11 22. bxc6 {Black must now prevent c7.} Rb8 23. Nd7 Nxd7 24. Rxd7 {c7 is the strong threat.} Rb6 (24... Rfc8 $11) 25. Bf3 $1 $36 {[%mdl 2048] White is really pushing.} Rc8 26. g3 Rb5 {[#]} 27. Ra7 ({White should play} 27. Rbd1 $1) 27... Rf5 {[#]} (27... Rd8 $16 {keeps fighting.}) 28. Kg2 $1 $18 h5 (28... Rb5 $142 29. Rd1 Bc5) 29. Rc1 Kf6 30. Rd1 g5 (30... Bc5 $142 31. Rxa5 g5 32. Bxh5 Rxc6) 31. Bxh5 Kg7 (31... Rd5 $142 32. Rxf7+ Ke5) 32. Bf3 g4 $2 (32... a4 33. Rxa4 Bc3) 33. Bxg4 Rc5 34. Bf3 R8xc6 (34... Rf8 $142 35. Rdd7 Bc3) 35. Bxc6 Rxc6 {[%mdl 4096] Endgame KRR-KRB} 36. Rdd7 Rc2 37. Rxf7+ Kg6 38. h4 {[%cal Bh2h4,Bh4h5][%mdl 32]} Be1 39. Rf4 (39. g4 $142 a4 40. h5+ Kg5 41. Rxa4 Rc8 42. Rg7+ Kf6 43. Rg6+ Ke7 44. Ra7+ Kd6 45. Ra6+ Ke7 46. Raxe6+ Kd7 47. h6) 39... e5 40. Rf3 (40. Rff7 $142 Rd2 41. g4 Bxf2 42. Rxf2 Rd1 43. h5+ Kg5 44. Rxa5 Rc1 45. Rxe5+ Kh6 46. Re6+ Kh7 47. Rf7+ Kg8 48. Rd7) 40... Bb4 41. g4 Rc6 42. Rf5 (42. h5+ $142 Kh6 43. Kh3 Bc5 44. Rxa5 Rc7 45. Rf5 Kg7 46. Rxe5 Bb4 47. Ra6) 42... e4 43. h5+ {White mates.} Kh6 44. Raf7 Bc3 45. Kg3 a4 46. Kh4 {[%csl Gf5,Gh4][%cal Rg4g5]} Bg7 47. g5+ Kh7 48. Ra5 Kg8 49. Raa7 Bf8 50. g6 a3 51. Ra8 {Accuracy: White = 54%, Black = 21%.} 1-0

[Event "European Blitz-ch 2018"]
[Site "Skopje"]
[Date "2018.12.06"]
[Round "6"]
[White "Putka, Verners"]
[Black "Laznicka, Viktor"]
[Result "1-0"]
[WhiteElo "2307"]
[BlackElo "2675"]
[Annotator "TA"]
[PlyCount "103"]
[EventDate "2018.12.06"]
[EventType "swiss"]
[EventCountry "MKD"]

{[%evp 21,103,-10,0,0,0,0,2,0,6,-43,-51,-89,-13,-34,-6,0,0,-74,-60,-70,-30,-37,-47,-39,-31,-35,-30,-36,-51,-24,0,-29,-38,-65,-18,-18,-22,-38,37,41,60,81,75,0,0,0,0,0,0,0,585,585,585,216,401,0,584,561,1097,431,525,516,667,663,641,636,621,604,1563,749,1702,1467,2337,1083,5106,5051,29975,29977,29977,29978,29982,29983,29983,29984]} 1. d4 d5 2. Nf3 Nf6 3. g3 c6 4. Bg2 Bf5 5. O-O e6 6. c4 Nbd7 7. Nc3 h6 8. Nd2 Be7 9. e4 dxe4 10. Ndxe4 O-O 11. Be3 {D11: Slav Defence: 3 Nf3 sidelines and 3...Nf6 4 e3 Bg4} Ng4 {LiveBook: 3 Games} (11... Nxe4 12. Nxe4 Nf6 13. Nxf6+ Bxf6 14. Qb3 Qd7 15. Rfd1 Rac8 16. Rac1 Rfd8 17. Rd2 {½-½ (17) Sedlak,N (2608)-Indjic,A (2599) Niksic 2018}) 12. Qe2 Nxe3 13. fxe3 {The position is equal.} Bg6 14. Rad1 Qc7 $146 ({Predecessor:} 14... f5 15. Nf2 Qc7 16. e4 e5 17. d5 f4 18. gxf4 Rxf4 {½-½ (48) Lacoste,A (2273)-Korosec,S (2397) ICCF email 2004}) 15. Rc1 Rad8 16. a3 c5 (16... e5 $17) 17. d5 {[#] And now d6! would win.} a6 18. Rcd1 Ne5 19. Bh3 (19. Nf2 $11) 19... exd5 $17 20. Rxd5 {[#]} b5 $1 {[%mdl 512]} 21. cxb5 Bxe4 22. Rxd8 Rxd8 23. Nxe4 axb5 24. Qxb5 c4 25. Rf2 Rd3 26. Bf1 Rxe3 27. Nc3 Bc5 28. Kg2 $1 {Black must now prevent Nd5.} Qc8 {aiming for ...Re1.} 29. Bxc4 Kh7 (29... Bd4 $15 30. Be2 Bxc3 31. bxc3 Qa8+ 32. Kh3 Qxa3) 30. Bd5 $36 {[%mdl 2048] White has good play.} f5 31. Re2 Ng4 32. Bf3 (32. Nd1 $16 {Hoping for Rc2.} Rxe2+ 33. Qxe2) 32... Rxf3 $11 33. Kxf3 {Threatens to win with Nd5.} Qa8+ 34. Kf4 Bd6+ $1 35. Kxf5 Qf3+ $2 {[%mdl 8192]} (35... Nf6 $1 $11 36. Ke6 Bc7) 36. Ke6 $18 Qf6+ 37. Kd7 $2 (37. Kd5) 37... Be5 $2 (37... Ne5+ {was called for.} 38. Rxe5 Bxe5) 38. Qd5 $2 ({White should try} 38. Qd3+ $18 Kh8 39. h3 Qf7+ 40. Kc6 Qe8+ 41. Qd7 Qa8+ 42. Qb7 Qe8+ 43. Kc5) 38... Qf5+ $2 {[%mdl 8192]} (38... Qa6 $11 {and Black has nothing to worry.} 39. Ke7 (39. Rxe5 Nf6+ 40. Kc7 Nxd5+ 41. Rxd5 Qa7+ 42. Kc6 Qf2 $11) (39. Qe4+ g6 $11) 39... Qf6+ 40. Kd7 Qa6) 39. Kc6 Nf6 40. Qc4 ({Inferior is} 40. Rxe5 Qc8+ 41. Kb5 Nxd5 $17) (40. Qxe5 $142 Qc8+ 41. Kb5) 40... Qc8+ 41. Kb5 Qd7+ 42. Kb4 Qb7+ 43. Qb5 Bxc3+ 44. bxc3 {[%mdl 4096] Endgame KQR-KQN} ({Less strong is} 44. Ka4 Qa7+ 45. Kb3 Bd4 $16) 44... Nd5+ 45. Kc4 Qxb5+ 46. Kxb5 Nxc3+ 47. Kc5 (47. Kc4 $142 Na4 48. Kb4) 47... Nxe2 {KN-K3P} 48. a4 {[%cal Ba3a4,Ba4a5,Ba5a6][%mdl 32]} Nc1 49. Kc4 {White mates.} ({But not} 49. a5 $2 Nb3+ 50. Kd6 Nxa5 $19) 49... Ne2 50. a5 Ng1 51. a6 Nf3 52. Kd5 {Precision: White = 50%, Black = 36%.} 1-0